Name a Valid Country Ending in A-Z - Statistics

General Stats
  • This quiz has been taken 74,019 times
  • The average score is 14 of 18
Answer Stats
Letter # Answer % Correct
A 73 Australia | Canada | Cuba | Kenya ...
100%
N 25 Afghanistan | Azerbaijan | Bahrain ...
96%
S 18 Bahamas | Cyprus | Netherlands | United States...
93%
E 12 Belize | Chile | France | Greece | Ukraine ...
93%
Y 8 Germany | Hungary | Italy | Norway | Paraguay | Turkey | Uruguay | Vatican City
93%
D 8 Chad | Finland | Iceland | Ireland | New Zealand | Poland | Switzerland | Thailand
92%
O 12 D. R. Congo | Mexico | Morocco...
92%
I 9 Brunei | Burundi | Djibouti | Eswatini | Fiji | Haiti | Kiribati | Mali | Malawi
88%
R 7 East Timor | Ecuador | El Salvador | Madagascar | Niger | Myanmar | Qatar
88%
L 5 Brazil | Israel | Nepal | Portugal | Senegal
87%
U 6 Guinea Bissau | Nauru | Palau | Peru | Tuvalu | Vanuatu
84%
Q 1 Iraq
79%
M 3 Belgium | United Kingdom | Vietnam
76%
T 3 Egypt | Ivory Coast | Kuwait
69%
C 3 Central African Republic | Czech Republic | Dominican Republic
56%
K 1 Denmark
53%
H 1 Bangladesh
42%
G 1 Luxembourg
42%
No matching quizzes found
Score Distribution
Percent of People with Each Score
Percentile by Number Answered
Your Score History
You have not taken this quiz